Najpopularniejsze marki samochodów w Polsce - Statystyki

Ogólne statystyki
  • Ten quiz został rozwiązany 1 323 razy
  • Średni wynik to 17 z 30
Statystyki odpowiedzi
Miejsce Marka % Poprawnych
6 Bmw
95%
10 Audi
93%
7 Mercedes
86%
1 Toyota
83%
16 Fiat
81%
12 Opel
81%
3 Volkswagen
77%
2 Skoda
76%
9 Ford
74%
22 Honda
65%
5 Hyundai
64%
19 Citroen
63%
4 Kia
60%
11 Renault
60%
14 Peugeot
57%
13 Volvo
57%
26 Porsche
55%
17 Seat
54%
20 Mazda
51%
18 Nissan
51%
8 Dacia
50%
15 Suzuki
40%
27 Alfa Romeo
37%
25 Mitsubishi
35%
23 Jeep
30%
30 Subaru
30%
21 Lexus
27%
24 Mini
21%
28 Land Rover
19%
29 Cupra
14%
Nie znaleziono quizów pasujących do podanych kryteriów
Rozkład punktacji
Procent ludzi z każdym wynikiem
Percentyl według liczby udzielonych odpowiedzi
Twoja historia wyników
Nie rozwiązałeś tego quizu